Rozpoznaj miasto po 1 zdjęciu. - Statystyki

Ogólne statystyki
  • Ten quiz został rozwiązany 30 razy
  • Średni wynik to 6 z 16
Statystyki odpowiedzi
Obrazkowy Odpowiedź % Poprawnych
Sydney
90%
Barcelona
87%
Amsterdam
77%
Kopenhaga
70%
Kuala Lumpur
53%
Singapur
40%
San Francisco
33%
Ankara
27%
Mediolan
27%
Zurych
20%
Strasbourg
17%
Lyon
10%
Porto
10%
Vancouver
7%
Fukuoka
3%
Tuluza
3%
Nie znaleziono quizów pasujących do podanych kryteriów
Rozkład punktacji
Procent ludzi z każdym wynikiem
Percentyl według liczby udzielonych odpowiedzi
Twoja historia wyników
Nie rozwiązałeś tego quizu